Statistics for Dinosaur Name Meanings

Click here to take the quiz!

General Stats

  • This quiz has been taken 57 times
  • The average score is 17 of 35

Answer Stats

Name MeaningAnswer% Correct
Tyrant Lizard KingTyrannosaurus Rex
100%
Spined LizardSpinosaurus
93%
Utah ThiefUtahraptor
83%
Three-Horned FaceTriceratops
79%
Roofed LizardStegosaurus
76%
Speedy ThiefVelociraptor
76%
Flesh-Eating BullCarnotaurus
67%
Fukui ThiefFukuiraptor
64%
Chicken MimicGallimimus
64%
Egg ThiefOviraptor
64%
Fukui LizardFukuisaurus
62%
Crocodile MimicSuchomimus
57%
Different LizardAllosaurus
52%
Arm LizardBrachiosaurus
52%
Crichton’s LizardCrichtonsaurus
48%
Scythe LizardTherizinosaurus
48%
Fused LizardAnkylosaurus
45%
Terrible ClawDeinonychus
45%
Small ThiefMicroraptor
45%
Heavy ClawBaryonyx
43%
Dragon KingDracorex
43%
Small Thick-Headed LizardMicropachycephalosaurus
40%
Near Crested LizardParasaurolophus
38%
Wounding ToothTroodon
36%
Demon from the River StyxStygimoloch
33%
Antarctic ShieldAntarctopelta
31%
High-Spined LizardAcrocanthosaurus
26%
Ostrich LizardStruthiomimus
24%
Helmet LizardCorythosaurus
21%
Lizard ShieldSauropelta
21%
Alien-Horned FaceXenoceratops
21%
Alarming LizardTarbosaurus
19%
OneYi
19%
Elegant JawCompsognathus
14%
Child ThiefBambiraptor
10%

Score Distribution

Percentile by Number Answered

Percent of People with Each Score

Your Score History

You have not taken this quiz